[Event "Moscow Open RSSU Cup 2020"]
[Site "Moscow"]
[Date "2020.01.26"]
[Round "2.11"]
[White "Afanasiev, Nikita"]
[Black "Yashmetov, Mikhail"]
[Result "1/2-1/2"]
[WhiteElo "2516"]
[BlackElo "2330"]
[Annotator "TA"]
[PlyCount "97"]
[EventDate "2020.01.25"]
[EventType "swiss"]
[EventCountry "RUS"]
[SourceTitle "playchess.com"]
[Source "ChessBase"]
[SourceQuality "1"]

{[%evp 21,97,26,45,21,22,0,0,0,0,0,0,0,0,0,0,0,0,0,0,0,0,0,0,-14,-13,-7,-7,-63,-61,-86,-52,-45,-29,-29,-29,-46,-46,-45,-33,-48,-32,-22,0,0,0,-73,-70,-112,-105,-145,-132,-112,-81,-74,-71,-73,-53,-42,-42,-72,-43,-141,0,-77,0,-152,0,-70,0,-136,-133,-141,-141,-135,-51,-75,0,-139]} 1. e4 c5 2. Nf3 Nc6 3. d4 cxd4 4. Nxd4 Nf6 5. Nc3 e6 6. Nxc6 bxc6 7. e5 Nd5 8. Ne4 Qc7 9. f4 Qb6 10. c4 Ne3 11. Qd3 Bb4+ 12. Bd2 {B45: Sicilian Four Knights} Ba6 13. Rc1 (13. Bxb4 {seems wilder.} Qxb4+ 14. Kf2 Qxb2+ 15. Be2 Nxc4 16. Rab1) 13... Bxc4 $1 14. Rxc4 Nxc4 15. Qxc4 Bxd2+ 16. Kxd2 Qxb2+ 17. Ke3 O-O 18. Be2 Rab8 {[#]} 19. Qc3 $146 ({Predecessor:} 19. Rc1 f6 {0-1 (54) Macieja,B (2601)-Biolek,R (2424) Wroclaw 2009}) 19... Qxa2 {White must now prevent ...Rb3.} 20. Ra1 Qb3 21. Qxb3 Rxb3+ 22. Kf2 Ra8 23. Nc5 Rb4 24. Ke3 (24. Ra5 $11) 24... a5 $15 {[%cal Ba7a5,Ba5a4][%mdl 32]} 25. Nxd7 a4 {...Ra5 is the strong threat.} 26. Nc5 Ra5 27. Nd3 Rb8 28. Kd4 a3 29. Ra2 $1 c5+ 30. Kc4 Ra4+ 31. Kc3 $1 c4 32. Bd1 Ra7 33. Nb4 (33. Kxc4 $11 Rc8+ 34. Kd4) 33... Rb6 $17 34. Bf3 Ra4 35. Nc6 Rb3+ 36. Kc2 Ra6 37. Ne7+ Kf8 38. Nc8 Ra4 {aiming for ...Rab4.} 39. Nd6 Rab4 {Strongly threatening ...Rb2+.} 40. Ra1 g6 41. Ne4 ({White should try} 41. Be4 $15) 41... Rb2+ (41... Re3 $17 42. Kd2 Rd3+ 43. Kc1 Rbb3) 42. Kc3 (42. Kc1 $1 $11 {keeps the balance.}) 42... R2b3+ (42... R4b3+ $142 $1 43. Kxc4 Rb4+ 44. Kc3 R2b3+ 45. Kd2 Rd4+ 46. Kc2 Re3) 43. Kc2 $1 Rb2+ (43... Re3 $17 44. Kd2 Rd3+ 45. Kc1 Rbb3) 44. Kc3 $15 R2b3+ (44... R4b3+ $1 $15 45. Kxc4 Rb4+ 46. Kc3 R2b3+ 47. Kd2 Rc4) 45. Kd4 (45. Kc2 $1 $11 {was the only way to keep the balance.}) 45... c3+ $1 $17 46. Kd3 {[#]} c2+ $1 {[%mdl 576] Decoy} 47. Kxc2 {[#]} Rb2+ (47... Re3 $1 $17 {And now ...Rb2+ would win.} 48. Kd2 Rexe4 49. Bxe4 Rxe4) 48. Kd3 R2b3+ ({Better is} 48... R4b3+ 49. Kc4 Rb4+ 50. Kc3 R2b3+ 51. Kd2 Rd4+ 52. Ke2 Rdb4) 49. Kc2 {Accuracy: White = 61%, Black = 58%.} 1/2-1/2

[Event "Moscow Open RSSU Cup 2020"]
[Site "Moscow"]
[Date "2020.01.26"]
[Round "2.12"]
[White "Tsvetkov, Andrey"]
[Black "Triapishko, Alexandr"]
[Result "0-1"]
[WhiteElo "2350"]
[BlackElo "2510"]
[Annotator "TA"]
[PlyCount "41"]
[EventDate "2020.01.25"]
[EventType "swiss"]
[EventCountry "RUS"]
[SourceTitle "playchess.com"]
[Source "ChessBase"]
[SourceQuality "1"]

{[%evp 12,41,39,28,53,48,50,39,38,31,34,34,48,46,75,46,87,79,72,44,26,38,39,33,25,-8,0,0,0,-46,-43,-33]} 1. d4 Nf6 2. c4 g6 3. Nc3 Bg7 4. e4 d6 5. Be2 O-O 6. Be3 Na6 7. Nf3 c5 {E91: King's Indian: Classical: 6 Be2, unusual replies including 6...c5 and 6...Bg4} (7... e5 8. O-O Qe8 9. h3 Nxe4 10. Nxe4 exd4 11. Nxd6 Qe6 12. Bf4 cxd6 13. Re1 d5 14. Rc1 Nc5 15. cxd5 Qxd5 16. Bc4 Qd8 {½-½ (96) Erigaisi,A (2544)-Karthikeyan,M (2611) Sitges 2019}) 8. d5 e6 9. O-O Re8 {White is slightly better.} 10. Nd2 exd5 11. cxd5 Nc7 12. a4 b6 13. Re1 Ba6 {[#]} 14. Bxa6 $146 ({Predecessor:} 14. h3 Bxe2 15. Rxe2 Rb8 {1-0 (35) Zanan,E (2510)-Kueppers,T (2302) Karlsruhe 2019}) 14... Nxa6 15. f3 Nd7 16. f4 f5 17. exf5 gxf5 18. Nf3 Nf6 19. Qd3 Qc8 20. Ng5 Nb4 21. Qd2 $1 {Accuracy: White = 68%, Black = 50%.} 0-1

[Event "Moscow Open RSSU Cup 2020"]
[Site "Moscow"]
[Date "2020.01.26"]
[Round "2.13"]
[White "Khachatryan, Anna"]
[Black "Bodnaruk, Anastasia"]
[Result "0-1"]
[WhiteElo "2051"]
[BlackElo "2411"]
[Annotator "TA"]
[PlyCount "31"]
[EventDate "2020.01.25"]
[EventType "swiss"]
[EventCountry "RUS"]
[SourceTitle "playchess.com"]
[Source "ChessBase"]
[SourceQuality "1"]

{[%evp 13,14,16,43]} 1. e4 c5 2. Nf3 d6 3. d4 cxd4 4. Nxd4 Nf6 5. Nc3 a6 6. Be3 e5 7. Nf3 Be6 {[%mdl 32768] Loss on time!?} {Predecessor:} 8. Ng5 $146 Nc6 9. Nxe6 fxe6 10. Bc4 Qd7 11. a4 Be7 12. O-O Rc8 13. Qe2 O-O 14. Rad1 Bd8 15. f4 exf4 16. Bxf4 {0-1 (29) Karjakin,S (2732)-Anand,V (2799) Nice 2008} 0-1

[Event "Moscow Open RSSU Cup 2020"]
[Site "Moscow"]
[Date "2020.01.26"]
[Round "2.14"]
[White "Osmak, Iulija"]
[Black "Miroshnik, Ekaterina"]
[Result "1-0"]
[WhiteElo "2394"]
[BlackElo "2067"]
[Annotator "TA"]
[PlyCount "50"]
[EventDate "2020.01.25"]
[EventType "swiss"]
[EventCountry "RUS"]
[SourceTitle "playchess.com"]
[Source "ChessBase"]
[SourceQuality "1"]

{[%evp 15,50,31,28,24,54,68,68,60,54,52,64,56,61,58,75,60,69,50,53,39,33,37,24,39,70,63,78,65,81,95,105,73,88,78,98,65,418]} 1. e4 d6 2. d4 Nf6 3. Nc3 Nbd7 4. f4 e5 5. Nf3 exd4 6. Qxd4 c6 7. Be3 d5 8. e5 Ng4 {[#] Strongly threatening ...Bc5.} 9. Bg1 $1 {B07: Pirc Defence: Miscellaneous Systems} Bc5 10. Qd2 $1 Bxg1 11. Rxg1 Qb6 12. Na4 Qe3+ 13. Qxe3 Nxe3 14. Bd3 b5 (14... Nb6 15. Nc5 Bg4 16. Nxb7 O-O {1-0 (48) Karjakin,S (2775)-Nepomniachtchi,I (2707) Moscow 2012}) 15. Nc3 Nc5 16. Ke2 Nf5 $146 ({Predecessor:} 16... Nc4 17. Bxc4 bxc4 {1-0 (37) Lei,T (2447)-Garrido Collantes,J (1948) Seville 2019}) 17. g4 Ne7 18. f5 h5 19. h3 hxg4 20. hxg4 b4 21. Nd1 Bd7 22. Nf2 O-O-O 23. a3 b3 24. Rh1 Kb8 25. Ng5 Ng6 $2 {[%mdl 8192] Accuracy: White = 85%, Black = 36%.} (25... f6 $14) 1-0

[Event "Moscow Open RSSU Cup 2020"]
[Site "Moscow"]
[Date "2020.01.26"]
[Round "2.15"]
[White "Kharmunova, Nadezhda"]
[Black "Gritsayeva, Oksana"]
[Result "0-1"]
[WhiteElo "2044"]
[BlackElo "2383"]
[Annotator "TA"]
[PlyCount "49"]
[EventDate "2020.01.25"]
[EventType "swiss"]
[EventCountry "RUS"]
[SourceTitle "playchess.com"]
[Source "ChessBase"]
[SourceQuality "1"]

{[%evp 9,49,0,10,0,17,-18,1,-8,0,0,0,0,0,-7,2,-5,10,0,8,-69,-69,-69,-68,-76,-69,-91,-79,-83,-70,-122,-131,-169,-151,-208,-203,-272,-263,-241,-127,-200,-210,-203]} 1. e4 d6 2. d4 Nf6 3. Nc3 e5 4. h3 (4. Nf3 Nbd7 5. Bc4 Be7 6. a4 O-O 7. O-O c6 8. Re1 b6 9. h3 a6 10. Be3 Rb8 11. Ba2 b5 12. axb5 axb5 13. b4 Bb7 14. Rb1 Qc7 15. Nh4 g6 16. Nf3 exd4 17. Nxd4 Rfe8 18. f4 {1-0 (47) Navara,D (2707)-Laznicka,V (2648) Prague 2019}) 4... exd4 5. Qxd4 Nc6 6. Bb5 {B07: Pirc Defence: Miscellaneous Systems} Bd7 7. Qe3 a6 $146 ({Predecessor:} 7... Be7 8. Nf3 O-O 9. a3 Ne5 10. Bxd7 Qxd7 11. Qe2 c6 12. Bg5 h6 {0-1 (55) Kiss,I (1779)-Torok,T (2098) Hungary 2014}) 8. Bc4 {The position is equal.} g6 9. f4 Bg7 10. Nf3 {Strongly threatening e5.} O-O 11. O-O b5 12. Bb3 b4 13. Nd5 Na5 14. Nxb4 (14. e5 $11 Re8 15. Nxf6+ (15. Nxb4 c5 $15) 15... Bxf6 16. Qd4 Nxb3 17. axb3) 14... c5 $1 $36 {[%mdl 2048] White is under pressure.} 15. e5 cxb4 16. exf6 Qxf6 17. Bd5 Rac8 18. Qb6 Bb5 19. Re1 {[#]} ({White should play} 19. Rd1 $15 Nc4 20. Bxc4 Rxc4 21. Rxd6) 19... Nc4 $1 $17 {[%cal Rc4b6][%mdl 64] Double Attack} 20. Qb7 Rc5 21. Be4 (21. Rb1 $17 {was necessary.}) 21... Qd8 $19 {...d5 is the strong threat.} (21... Nxb2 22. Be3 $17) 22. f5 gxf5 23. Bd3 {[#]} Na5 ({Weaker is} 23... Bxb2 24. Bxb2 Nxb2 25. Bxb5 $11) ({Much less strong is} 23... Nxb2 24. Bxb5 axb5 25. Bxb2) (23... Bc6 $1 $19 {[%cal Rc6b7]} 24. Qxb4 Bxf3 25. Bxc4 Bd4+ 26. Kh2 (26. Kh1 $2 Qh4 $19) 26... Qh4) 24. Qa7 (24. Qe7 $17 {was worth a try.}) 24... Nc6 25. Qb7 {Accuracy: White = 50%, Black = 63%.} 0-1

[Event "Moscow Open RSSU Cup 2020"]
[Site "Moscow"]
[Date "2020.01.26"]
[Round "2.16"]
[White "Guseva, Marina"]
[Black "Kairbekova, Amina"]
[Result "1-0"]
[WhiteElo "2379"]
[BlackElo "2046"]
[Annotator "TA"]
[PlyCount "75"]
[EventDate "2020.01.25"]
[EventType "swiss"]
[EventCountry "RUS"]
[SourceTitle "playchess.com"]
[Source "ChessBase"]
[SourceQuality "1"]

{[%evp 14,75,22,22,17,22,22,19,25,16,23,22,27,6,34,37,24,27,23,30,63,47,50,52,56,53,67,70,125,125,130,124,140,110,204,199,193,197,227,187,184,188,193,182,191,186,195,160,163,156,153,164,185,175,222,221,203,204,466,537,527,513,475,385]} 1. d4 Nf6 2. c4 e6 3. Nf3 d5 4. g3 dxc4 5. Bg2 Bd7 6. Ne5 Bc6 7. Nxc6 Nxc6 8. O-O Qd7 {E04: Open Catalan: 5 Nf3} 9. e3 Rd8 10. Qe2 e5 {The position is equal.} 11. Nc3 Be7 12. Qxc4 exd4 13. Rd1 {[#]} Qe6 $146 ({Predecessor:} 13... O-O 14. Bxc6 Qxc6 15. Qxc6 bxc6 16. Rxd4 Rxd4 17. exd4 {½-½ (31) Yilmaz,M (2619)-Can,E (2603) Reykjavik 2018}) 14. Qxe6 fxe6 15. exd4 Nxd4 16. Bxb7 Ne2+ 17. Kf1 Rxd1+ 18. Nxd1 Nxc1 19. Rxc1 c5 20. Rc4 Kd7 ({Black should play} 20... a5 $14) 21. Ra4 $16 Kc7 22. Bf3 Kb6 23. Be2 e5 {[#]} (23... a5 $16 {keeps fighting.}) 24. Ra6+ $1 $18 Kb7 25. Re6 Bf8 26. Rxe5 Bd6 27. Re3 Re8 28. Bf3+ Kc8 29. Ra3 Kb8 30. Nc3 {Hoping for Nb5.} Bc7 31. Rb3+ Bb6 32. a4 {[%cal Ba2a4,Ba4a5][%mdl 32] [#] Black must now prevent a5.} Kc8 33. Rb5 Re5 34. a5 Bc7 35. a6 {Threatens to win with Rb7.} g5 $2 (35... Re6 36. Rxc5 Rxa6) 36. Rb7 {White is clearly winning.} g4 37. Bg2 Bb8 38. Nb5 {Accuracy: White = 93%, Black = 58%.} 1-0

[Event "Moscow Open RSSU Cup 2020"]
[Site "Moscow"]
[Date "2020.01.26"]
[Round "2.17"]
[White "Bondareva, Daria"]
[Black "Ovod, Evgenija"]
[Result "0-1"]
[WhiteElo "2040"]
[BlackElo "2362"]
[Annotator "TA"]
[PlyCount "54"]
[EventDate "2020.01.25"]
[EventType "swiss"]
[EventCountry "RUS"]
[SourceTitle "playchess.com"]
[Source "ChessBase"]
[SourceQuality "1"]

{[%evp 23,54,6,15,0,14,18,13,15,16,11,16,17,18,0,21,14,49,65,56,0,0,-28,0,0,0,-27,-33,-50,-66,-66,-82,-66,-63]} 1. e4 e5 2. Nf3 Nc6 3. d4 exd4 4. Bc4 Bc5 5. c3 Nf6 6. cxd4 Bb4+ 7. Bd2 Bxd2+ 8. Nbxd2 d5 9. exd5 Nxd5 10. Qb3 Nce7 11. O-O O-O 12. Rfe1 c6 13. Rad1 {C54: Giuoco Piano: 4 c3 Nf6, main lines with 5 d4 and 5 d3} (13. Ne4 Nb6 14. Bd3 Ned5 15. Nc5 Nf6 16. Rac1 Rb8 17. Qa3 a6 18. Qb3 Qc7 19. Ne4 Nfd5 20. Nc3 Qd6 21. Be4 {½-½ (36) Jones,G (2640)-Karjakin,S (2753) Wijk aan Zee 2018}) 13... Qc7 14. Ne4 Bg4 15. h3 $146 {The position is equal.} ({Predecessor:} 15. Rc1 Qb6 16. Ne5 Qxb3 17. Bxb3 Bh5 18. Nd6 b6 19. Bxd5 Nxd5 20. Nxc6 f6 {0-1 (55) Aradhana,G (1130)-Rakshitta,R (1716) India 2016}) 15... Bh5 16. Ng3 Bg6 17. Ne5 Rad8 18. Ne2 {[%cal Bg3e2,Be2c3,Bc3e4,Be4c5][%mdl 32]} Rd6 19. Rc1 Rfd8 20. Nc3 {Threatens to win with Bxd5.} Qb6 21. Nxg6 (21. Qa3 $14) 21... hxg6 $11 22. Ne4 Qxb3 23. Bxb3 R6d7 24. Nc5 Rc7 25. Re5 Nf6 26. Rd1 Nf5 27. d5 cxd5 0-1

[Event "Moscow Open RSSU Cup 2020"]
[Site "Moscow"]
[Date "2020.01.27"]
[Round "3.1"]
[White "Petrosyan, Manuel"]
[Black "Shuvalova, Polina"]
[Result "1/2-1/2"]
[WhiteElo "2590"]
[BlackElo "2445"]
[Annotator "TA"]
[PlyCount "55"]
[EventDate "2020.01.25"]
[EventType "swiss"]
[EventCountry "RUS"]
[SourceTitle "playchess.com"]
[Source "ChessBase"]
[SourceQuality "1"]

{[%evp 9,55,25,23,-5,-5,-16,-7,-7,-7,-8,-7,-8,-6,-6,40,-31,-2,0,20,26,25,13,33,27,30,26,65,21,50,-83,-96,-179,0,-311,0,0,0,0,0,-454,0,0,0,0,0,0,0,0]} 1. c4 Nf6 2. Nc3 e6 3. e4 d5 4. cxd5 exd5 5. e5 Ne4 6. d3 {A18: English Opening: Flohr-Mikenas System (1 c4 Nf6 2 Nc3 e6 3 e4)} (6. Nf3 {looks sharper.} Bf5 7. Be2 Nc6 8. d3 Nxc3 9. bxc3 Be7 10. O-O) (6. Nf3 Bf5 7. Be2 d4 8. Nxe4 Bxe4 9. Bc4 Bd5 10. Qb3 Bxc4 11. Qxc4 Nc6 12. O-O Qd7 13. d3 Be7 14. a3 {1-0 (37) Kovalenko,I (2674)-Lupulescu,C (2643) Khanty-Mansiysk 2019}) 6... Nxc3 7. bxc3 c5 8. d4 Nc6 9. Nf3 c4 $146 ({Predecessor:} 9... cxd4 10. cxd4 Bb4+ 11. Bd2 Qa5 12. Rb1 O-O 13. Bd3 Bg4 14. Rxb4 Nxb4 {1-0 (27) Stork,O (2322)-Knuedel,T (2165) Lueneburg 2019}) 10. g3 Be7 11. Bg2 Bf5 12. Ng1 (12. O-O $14) 12... O-O 13. Ne2 f6 14. exf6 Bxf6 15. h4 h6 16. Be3 Qd7 17. Nf4 Be4 18. Bh3 Qd6 19. Be6+ (19. O-O $1 $14 {keeps the upper hand.}) 19... Kh8 $17 20. Qh5 (20. O-O $17 {was called for.}) 20... Bxh1 $2 {[#]} (20... Bxd4 $1 $19 21. cxd4 Bxh1 22. Ng6+ Kh7 23. Nxf8+ Rxf8 24. Bf5+ Kg8) 21. Ng6+ $11 Kh7 22. Qf5 $36 {[%mdl 2048] White has the initiative.} Be4 23. Nxf8+ Kh8 24. Ng6+ Kh7 25. Nf8+ $1 {[%mdl 64] [#] Discovered Attack (Double check). The position is equal.} Kh8 26. Ng6+ Kh7 27. Nf8+ $1 {[%mdl 64] Discovered Attack (Double check)} Kh8 28. Ng6+ {Accuracy: White = 37%, Black = 46%.} 1/2-1/2

[Event "Moscow Open RSSU Cup 2020"]
[Site "Moscow"]
[Date "2020.01.27"]
[Round "3.2"]
[White "Airapetian, Gor"]
[Black "Savchenko, Boris"]
[Result "1/2-1/2"]
[WhiteElo "2444"]
[BlackElo "2573"]
[Annotator "TA"]
[PlyCount "83"]
[EventDate "2020.01.25"]
[EventType "swiss"]
[EventCountry "RUS"]
[SourceTitle "playchess.com"]
[Source "ChessBase"]
[SourceQuality "1"]

{[%evp 18,83,22,14,30,25,47,46,47,50,49,26,27,21,34,22,35,9,41,41,28,32,41,40,32,7,27,45,52,50,56,46,114,138,125,100,150,150,150,152,150,150,154,154,154,155,173,173,173,171,197,191,190,190,190,176,183,191,185,147,147,147,147,147,147,147,147,110]} 1. d4 Nf6 2. c4 g6 3. Nc3 d5 4. Bf4 Bg7 5. e3 c5 6. dxc5 Qa5 7. Rc1 dxc4 8. Bxc4 O-O 9. Nge2 Qxc5 10. Qb3 {Hoping for Nb5.} Nc6 {D82: Grünfeld: 4 Bf4} 11. Nb5 Qh5 12. Ng3 Qh4 {White must now prevent ...e5.White is slightly better.} 13. Nc7 e5 14. Bxe5 Nxe5 15. Nxa8 b6 {Strongly threatening ...Bb7.} 16. Nc7 Bb7 $1 {[%cal Rb7g2] [#]} 17. Nd5 $146 {White wants to play Nxf6+.} ({Predecessor:} 17. Bd5 Nxd5 18. Nxd5 Bxd5 {½-½ (48) Riazantsev,A (2692)-Volokitin,A (2638) Saint-Quentin 2014}) 17... Bxd5 18. Bxd5 Nxd5 19. Qxd5 Rd8 20. Qb5 Nd3+ {[%mdl 64] Double Attack} 21. Ke2 Nxc1+ (21... Nxb2 $2 22. Rc7 $18) (21... Qf6 $5 {[%cal Rf6f2]} 22. Rcf1 Nxb2 $11) 22. Rxc1 Qxh2 23. Qg5 $1 {[%cal Rg5d8]} Re8 24. Kf3 h6 {[#]} (24... Bxb2 $2 25. Rh1 $18) ({Better is} 24... Qh6 $1 $14 25. Qxh6 Bxh6) 25. Qf4 $1 $16 {Threatens to win with Rh1.} Be5 26. Qe4 $36 {[%mdl 2048] And now Rh1 would win. White has strong initiative.} Kg7 {and if ...Re6 works, Black does fine.} 27. Rh1 {White is clearly better.} Bxg3 {[#]} 28. Qb1 $1 ({But not} 28. Qxe8 Qxh1 29. Kxg3 Qh5 $11) ({Inferior is} 28. Rxh2 Rxe4 29. Kxg3 Rc4 $11) 28... Qxh1 29. Qxh1 {[%mdl 4096] Endgame KQ-KRB} Bd6 30. Qd1 Re6 31. g3 Bc5 32. Kg2 a5 33. Qd5 Rd6 34. Qe5+ Kg8 35. a3 {[%cal Ba2a3,Ba3b4][%mdl 32]} Re6 36. Qf4 Kg7 37. Qc4 Kg8 38. b4 axb4 39. axb4 Bf8 40. e4 b5 41. Qd4 ({Don't do} 41. Qxb5 $6 Rxe4 42. Qd5 Rxb4 $14) 41... Rc6 42. Qd5 {Accuracy: White = 80%, Black = 57%.} 1/2-1/2

[Event "Moscow Open RSSU Cup 2020"]
[Site "Moscow"]
[Date "2020.01.27"]
[Round "3.3"]
[White "Badmatsyrenov, Oleg"]
[Black "Tsydypov, Zhamsaran"]
[Result "0-1"]
[WhiteElo "2443"]
[BlackElo "2553"]
[Annotator "TA"]
[PlyCount "78"]
[EventDate "2020.01.25"]
[EventType "swiss"]
[EventCountry "RUS"]
[SourceTitle "playchess.com"]
[Source "ChessBase"]
[SourceQuality "1"]

{[%evp 9,78,-22,-22,-22,-16,-2,0,-43,-32,-41,-43,-35,-43,-33,0,-63,0,-46,0,0,0,6,0,0,14,4,6,3,0,0,0,0,0,0,0,-68,-77,-160,-161,-143,-154,-285,-275,-287,-279,-272,-250,-442,-439,-429,-419,-446,-443,-564,-554,-550,-530,-720,-706,-751,-761,-1072,-669,-630,-613,-1383,-1373,-1783,-1754,-1650,-1483]} 1. e4 e5 2. Nf3 Nf6 3. Nc3 d6 4. d4 Nbd7 5. g4 Nxg4 6. Rg1 {C41: Philidor Defence} Ngf6 7. Bc4 {Strongly threatening Ng5.} h6 8. Be3 {The position is equal.} c6 $1 9. dxe5 dxe5 10. Qd3 b5 11. Bb3 Ba6 $146 ({Predecessor:} 11... Qa5 12. O-O-O Ba6 {½-½ (51) Grigoryan,K (2621)-Oratovsky,M (2423) Elgoibar 2019}) 12. O-O-O (12. a4 $1 $11 Qa5 13. axb5 Qxa1+ {[%mdl 64] Double Attack} 14. Ke2 Bxb5 15. Nxb5) 12... Qc8 ({Black should try} 12... Qa5 $1 $15 13. Ne2 c5) 13. Nb1 {Black should prevent Bxf7+!} (13. Ne2 $5 {[%cal Rb3f7]}) 13... c5 (13... Rh7 $15) 14. c4 $1 $11 bxc4 15. Bxc4 Bxc4 16. Qxc4 Rb8 17. Nc3 Rb4 $132 {[%mdl 2048] Black has counterplay} 18. Qd3 c4 19. Qc2 Qa6 20. Kb1 Rb7 21. Ka1 g6 22. Nd5 (22. Nd2 $11) 22... Bg7 $1 $15 23. Nh4 (23. Nxf6+ $142 Bxf6 24. Rd5) 23... Nxd5 $17 24. Rxd5 O-O 25. Qd2 (25. Rc1 $17 {keeps fighting.}) 25... Nf6 $19 26. Rd6 Qb5 27. f3 {White wants to play Nf5!} Kh7 28. Nf5 $2 {[#]} (28. Rb1) 28... c3 $1 {[%cal Rc3d2][%mdl 512]} 29. Qxc3 (29. bxc3 Rfb8) 29... gxf5 30. Bc1 Rb6 {Black is clearly winning.} 31. Rd2 Rc6 32. Qe3 f4 33. Qxa7 Qc4 {( -> ...Qxc1+)} 34. a3 Rfc8 35. Rdg2 Nh5 36. Bd2 Qb3 {Threatens to win with ...Rc2.} 37. Qd7 Rc2 {[%csl Gc2][%cal Rb3b2]} 38. Qf5+ {[#]} Kh8 $1 {[%csl Gc2][%cal Rb3b2]} 39. Rb1 {[#]} Ra8 $1 {Accuracy: White = 40%, Black = 77%.} 0-1

[Event "Moscow Open RSSU Cup 2020"]
[Site "Moscow"]
[Date "2020.01.27"]
[Round "3.4"]
[White "Sindarov, Javokhir"]
[Black "Ivanov, Oleg V"]
[Result "1/2-1/2"]
[WhiteElo "2537"]
[BlackElo "2441"]
[Annotator "TA"]
[PlyCount "142"]
[EventDate "2020.01.25"]
[EventType "swiss"]
[EventCountry "RUS"]
[SourceTitle "playchess.com"]
[Source "ChessBase"]
[SourceQuality "1"]

{[%evp 14,142,-8,-20,-18,-21,-17,-31,-18,-53,-14,-14,-16,-9,-9,-25,-13,-15,-15,-15,-15,-15,-14,-17,-14,-12,-14,-30,0,-2,0,0,0,0,0,0,0,0,0,0,0,0,0,0,0,0,0,0,0,0,0,0,0,0,0,0,0,0,14,2,29,29,29,29,27,29,30,54,53,52,51,18,73,63,57,52,80,80,102,0,0,0,0,0,8,0,0,0,64,8,8,0,0,0,0,0,0,0,0,0,0,0,0,0,0,0,0,0,0,0,0,0,0,0,0,0,0,0,0,0,0,0,0,0,0,0,0,0,0,0,0]} 1. e4 e5 2. Nf3 Nf6 3. d3 Nc6 4. Be2 d5 5. Nbd2 Bc5 6. O-O O-O 7. c3 a5 8. a4 Re8 {C44: Ponziani Opening and Scotch Gambit} 9. Nb3 (9. Qc2 h6 10. h3 Be6 11. Re1 d4 12. Nf1 Nd7 13. Ng3 Bf8 14. cxd4 exd4 15. Nd2 Nc5 16. b3 {½-½ (78) Grischuk,A (2761)-Caruana,F (2808) Paris 2017}) 9... Bb6 10. Nfd2 Be6 $146 {Black is slightly better.} ({Predecessor:} 10... Ne7 11. exd5 Nexd5 12. Nc4 c6 13. Nxb6 Qxb6 14. d4 Nf4 15. Bxf4 exf4 16. Bc4 {1-0 (52) Bosnjak,P (2099)-Franca,V (1890) Split 2012}) 11. Qc2 Bg4 12. Bxg4 Nxg4 13. h3 Nf6 $1 14. Re1 h6 15. exd5 Qxd5 16. Nc4 Ba7 17. Be3 e4 18. Rad1 Rad8 {[%cal Re4d3]} 19. Nc1 exd3 20. Qxd3 Bxe3 (20... Re4 {seems wilder.} 21. b3 Qe6 22. Qf1 Re8 23. Ne2 Bxe3 24. fxe3 Qc8) 21. Nxe3 Qxd3 (21... Qe4 {is more complex.} 22. Qb5 b6 23. Nb3 Na7 24. Qc4 Qxc4 25. Nxc4 Rxe1+ 26. Rxe1 Nc6) 22. Nxd3 Kf8 23. Kf1 Nd5 24. Nc4 Rxe1+ 25. Kxe1 Re8+ 26. Kd2 Re4 27. b3 Re7 28. Kc2 Re2+ 29. Rd2 Rxd2+ 30. Kxd2 $11 {[%mdl 4096] Endgame KNN-KNN} Ke7 31. g3 b6 32. Na3 Nd8 33. h4 Ne6 34. Nc4 Nf6 35. f3 Nh5 36. g4 Nhf4 37. b4 Nxd3 38. Kxd3 {KN-KN} Nf4+ $1 39. Ke4 Ne2 40. bxa5 bxa5 41. Kd3 Nf4+ 42. Ke3 Ng2+ (42... Nd5+ $1 $11 {remains equal.} 43. Kd4 Ke6) 43. Ke4 $16 Nxh4 44. Nxa5 {Nc6+ is the strong threat.} g6 45. Nc4 f5+ {[#]} 46. Kd5 (46. Kf4 $1 $16) 46... Nxf3 $11 47. gxf5 gxf5 48. Kc6 h5 49. a5 h4 50. Ne3 Kd8 ({Black should try} 50... h3 $11) 51. Kb7 (51. a6 $1 $14 Kc8 52. a7 (52. Nxf5 Kb8 $11) 52... Ne5+ 53. Kd5) 51... h3 $1 {[%cal Rh3h2] The position is equal.} 52. Nf1 Ne5 ({Don't go for} 52... h2 $2 {[#]} 53. Nxh2 $1 {[%mdl 512]} Ne5 54. a6 $18) 53. a6 {Strongly threatening a7.} Nc4 54. a7 Nb6 {[#]} 55. c4 $1 {[%mdl 512] aiming for c5.} Na8 $1 (55... Nxc4 56. a8=Q+) 56. c5 c6 $1 57. Nh2 Kd7 58. Nf3 Kd8 59. Kb8 Kd7 60. Ne5+ Ke6 {Hoping for ...h2.} 61. Nf3 Kd7 62. Kb7 Kd8 63. Kxc6 {Black must now prevent Kb7.} Kc8 64. Nh2 Nc7 65. Kb6 Na8+ 66. Kc6 Nc7 67. Kd6 Nb5+ 68. Ke5 Nxa7 69. Kxf5 Kc7 70. Kg4 Kc6 71. Kxh3 Kxc5 {Accuracy: White = 77%, Black = 73%.} 1/2-1/2